000 00572nam a2200217Ia 4500
003 OSt
005 20220926035139.0
006 a|||||r|||| 00| 0
007 ta
008 220923b |||||||| |||| 00| 0 eng d
037 _cGeneral Book
040 _aRTL
_cRTL
_beng
041 _2eng
_aeng
082 _aX:91, J2
100 _aHarrington Carl C. Ed.
_9341914
245 0 _aJob evaluation and wage incentives
260 _c1954
650 _aJob Evaluation
_9241457
942 _hX:91, J2
_cGB
_2CC
999 _c661454
_d661454